LEADER 01258nam a2200313 a 4500 001 000000121958 003 CaOOAMICUS 005 20100525095951.0 008 100525t2003 it ba u000 u ita r 020 $a88-15-09306-0 040 $aPUL$bita$dReb 041 1 $aita$hger 082 04$a909 100 1 $aDemandt, Alexander.$0(OLS)http://pul/name/76431 240 10$aKelten$lItaliano.$0(OLS)http://pul/title/153467 245 12$aI celti /$cAlexander Demandt. 260 $aBologna :$bIl Mulino,$c©2003. 300 $a136 p. :$bill., c. geogr. ;$c21 cm. 490 1 $aUniversale paperbacks Il Mulino ;$v439 504 $aInclude riferimenti bibliografici ed indice. 650 4$aCelti$xStoria.$0(OLS)http://pul/subject/8841 830 0$aUniversale paperbacks Il Mulino ;$v439.$0(OLS)http://pul/title/190 850 $aPUL 852 $aPUL$W1$xDP2 Filosofia 3$y112$m909 COLL 2.439$j139974$aRistampa del 2003$qDDC 21$B139161$CPULBib$Z2$F139161 $H113787 $82 941 1 $a9 996 $6020$a88-15-09306-0$9(OLS)http://pul/number/144379 996 $6082$a909$9(OLS)http://pul/classification/566 996 $6245$aI celti$9(OLS)http://pul/title/92718 996 $6260$aBologna :$bIl Mulino$9(OLS)http://pul/publisher/47928 LEADER 01285nam a2200289 a 4500 001 000000131964 003 CaOOAMICUS 005 20240918160156.0 008 121207s1998 fr u000 u fre r 040 $aPUL$bita 245 00$aEntretiens sur la fin des temps /$cJean-Claude Carrière...[et al.] ; réalisés par Catherine David, Frédéric Lenoir et Jean-Philippe de Tonnac. 260 $aParis :$bFayard,$c1998. 300 $a321 p. ;$c24 cm 500 $aInclude un saggio di Umberto Eco in francese. 650 4$aMillenarismo.$0(OLS)http://pul/subject/12163 700 1 $aEco, Umberto,$d1932-2016.$0(OLS)http://pul/name/11020 700 1 $aCarrière, Jean-Claude,$d1931-2021.$0(OLS)http://pul/name/113992 700 1 $aDavid, Catherine.$0(OLS)http://pul/name/84992 700 1 $aTonnac, Jean-Philippe de.$0(OLS)http://pul/name/84993 700 1 $aLenoir, Frédéric.$0(OLS)http://pul/name/71969 850 $aPUL 852 $aPUL$W1$xDP1 Fondo E. Rossi$y115$m1 F 35$j42532$qFondi$B151231$CPULBib$Z2$F151231 $82 941 1 $a1 961 $aSul dorso collocazione ms. di E. Rossi: F 21 2 2 996 $6245$aEntretiens sur la fin des temps$9(OLS)http://pul/title/166732 996 $6260$aParis :$bFayard$9(OLS)http://pul/publisher/52106